000 00570nam a2200205Ia 4500
999 _c47406
_d47406
001 14268
003 GE_BSU
005 20221121145046.0
008 181216s2010||||enk|||||||||||||| ||eng||
020 _a9781843174615x
040 _cGE_BSU
041 _aeng
080 _a1 L-62
100 _aLevene, Lesley
_915967
245 _aI Think, Therefore I Am: All the Philosophy. You Need to Know /
_cLesley, Levene.
264 _aLondon :
_bMichael o' Mara books limited,
_c2010.
300 _a191 p.;
_b19 cm.
653 _aფილოსოფია
942 _cBK
_2udc